| 000 | 01048cam a22002651i 4500 | ||
|---|---|---|---|
| 003 | SA-RiAUC | ||
| 005 | 20250526070616.0 | ||
| 008 | 250523s2009____su g 000 0 ara c | ||
| 020 | _a9786030020010 | ||
| 040 |
_aSA-MaUQU _bara _cSA-RiAUC _erda |
||
| 082 | 0 | 4 |
_a228.9 _qSA-RiAUC |
| 090 |
_a228.9 _b ج ا ن |
||
| 100 | 1 |
_aجان، محمد صالح بن علي، _d1365 هجري- _eمؤلف. |
|
| 245 | 1 | 0 |
_aتنبيه العامة والطلاب إلى الأخطاء المحتملة في تلاوة الفاتحة أم الكتاب / _cمحمد صالح جان. |
| 250 | _aالطبعة الأولى. | ||
| 264 | 1 |
_aمكة المكرمة : _bمحمد صالح بن علي جان، _c2009 |
|
| 300 |
_a163 صفحة ؛ _c24 سم |
||
| 336 |
_aنص _btxt _2rdacontent _3كتاب |
||
| 337 |
_aبدون وسيط _bn _2rdamedia |
||
| 338 |
_aمجلد _bnc _2rdacarrier |
||
| 630 | 2 | 7 |
_aالقرآن. _pسورة الفاتحة _xتجويد _2aucut |
| 730 | 2 | 2 | _aالقرآن. |
| 942 |
_2ddc _cBOOK _n0 |
||
| 949 |
_aSA-JeALM _d250523 _umohamedma123 _n1 |
||
| 999 |
_c8370 _d8370 |
||